00370nam a2200109Ia 4500008004100000020002200041100002200063245008500085260004900170300002500219650001600244200907s9999 xx 000 0 und d a978-971-98-0933-2 aNocon, Rizaldi C. cRizaldi C. Nocon, Ederlina G. NoconaEssential mathematics for the modern world/ aQuezon City:bC and E Publishing, Inc.c2018 ax, 501 pagesc21 cm. aMathematics